| 000 | 00788cam a22002413a 4500 | ||
|---|---|---|---|
| 001 | 4244 | ||
| 003 | PGUSA | ||
| 005 | 20140828083050.0 | ||
| 008 | 030701s2003||||xxu|||||s|||||000 | eng d | ||
| 040 |
_aPGUSA _beng |
||
| 042 | _adc | ||
| 050 | 4 | _aDS | |
| 100 | 1 |
_aBird, Isabella L. _q(Isabella Lucy), _d1831-1904 |
|
| 245 | 1 | 0 |
_aAmong the Tibetans _h[electronic resource] / _cIsabella L. Bird |
| 260 |
_bProject Gutenberg, _c2003 |
||
| 506 | _aPublic domain in the USA. | ||
| 516 | _aElectronic text | ||
| 653 | _aTibet Autonomous Region (China) -- Description and travel | ||
| 653 | _aBird, Isabella L. (Isabella Lucy), 1831-1904 -- Travel -- China -- Tibet Autonomous Region | ||
| 830 | 0 |
_aProject Gutenberg _v4244 |
|
| 856 | 4 | 0 | _uhttp://www.gutenberg.org/ebooks/4244 |
| 942 | _cEB | ||
| 999 |
_c233573 _d233573 |
||